[Event "TeamRussiamenrapid"]
[Site "?"]
[Date "2016.10.06"]
[Round "6.20"]
[White "Usmanov, Vasily"]
[Black "Sharafiev, Azat"]
[Result "0-1"]
[LiveChessVersion "1.4.4"]
[BlackElo "2534"]
[WhiteElo "2443"]

1. d4 {[%clk 0:15:17]} d6 {[%clk 0:15:18]} 2. c4 {[%clk 0:15:16]} e5
{[%clk 0:15:20]} 3. Nf3 {[%clk 0:15:06]} e4 {[%clk 0:15:13]} 4. Ng5
{[%clk 0:15:14]} f5 {[%clk 0:15:22]} 5. g3 {[%clk 0:15:22]} Be7 {[%clk 0:15:10]}
6. Nh3 {[%clk 0:15:29]} Nf6 {[%clk 0:15:17]} 7. Nc3 {[%clk 0:15:37]} O-O
{[%clk 0:15:14]} 8. Bg2 {[%clk 0:15:46]} c6 {[%clk 0:15:18]} 9. d5
{[%clk 0:15:53]} Nbd7 {[%clk 0:15:20]} 10. O-O {[%clk 0:14:22]} Ne5
{[%clk 0:15:08]} 11. Qb3 {[%clk 0:14:14]} Kh8 {[%clk 0:11:45]} 12. Nf4
{[%clk 0:14:21]} c5 {[%clk 0:10:12]} 13. f3 {[%clk 0:14:17]} exf3
{[%clk 0:10:17]} 14. exf3 {[%clk 0:14:26]} Rb8 {[%clk 0:10:21]} 15. Ne6
{[%clk 0:09:29]} Bxe6 {[%clk 0:09:33]} 16. dxe6 {[%clk 0:09:37]} Qc8
{[%clk 0:09:42]} 17. f4 {[%clk 0:09:35]} Nc6 {[%clk 0:09:51]} 18. Bd5
{[%clk 0:09:23]} Nd4 {[%clk 0:07:13]} 19. Qa4 {[%clk 0:09:10]} Nxd5
{[%clk 0:06:14]} 20. cxd5 {[%clk 0:09:00]} b5 {[%clk 0:06:09]} 21. Qxa7
{[%clk 0:04:31]} Bf6 {[%clk 0:06:12]} 22. Bd2 {[%clk 0:04:10]} Ra8
{[%clk 0:05:13]} 23. Qd7 {[%clk 0:04:08]} Qxd7 24. exd7 {[%clk 0:04:16]} b4
{[%clk 0:05:26]} 25. Nd1 {[%clk 0:04:23]} Nb3 {[%clk 0:05:12]} 26. axb3
{[%clk 0:04:30]} Rxa1 {[%clk 0:05:21]} 27. Ne3 {[%clk 0:04:38]} Rxf1+
{[%clk 0:03:56]} 28. Kxf1 {[%clk 0:04:47]} Rd8 {[%clk 0:04:00]} 29. Nxf5
{[%clk 0:04:53]} Bxb2 {[%clk 0:03:45]} 30. Ke2 {[%clk 0:04:39]} Rxd7
{[%clk 0:03:47]} 31. Kd3 {[%clk 0:04:48]} g6 {[%clk 0:03:16]} 32. Ne3
{[%clk 0:04:57]} Kg7 {[%clk 0:03:20]} 33. Nc4 {[%clk 0:05:05]} Bf6
{[%clk 0:03:03]} 34. g4 {[%clk 4:13:49]} Be7 {[%clk 0:02:32]} 35. Bc1
{[%clk 0:04:09]} Ra7 {[%clk 0:02:23]} 36. Bb2+ {[%clk 0:04:18]} Kf7
{[%clk 0:02:23]} 37. Ke4 {[%clk 0:04:19]} Ra6 {[%clk 0:02:27]} 38. f5
{[%clk 0:04:22]} Bf6 {[%clk 0:02:09]} 39. Bc1 {[%clk 0:04:31]} gxf5+
{[%clk 0:02:03]} 40. Kxf5 {[%clk 0:04:38]} Be5 {[%clk 0:02:05]} 41. Nxe5+ dxe5
42. Bb2 {[%clk 0:03:58]} Ra3 {[%clk 0:02:15]} 43. Bxe5 {[%clk 0:03:59]} Rxb3
{[%clk 0:02:23]} 44. h4 {[%clk 0:04:04]} Rd3 {[%clk 0:02:14]} 45. d6
{[%clk 0:04:10]} b3 {[%clk 0:02:19]} 46. g5 {[%clk 0:04:19]} Rxd6
{[%clk 0:02:21]} 47. Bxd6 {[%clk 0:04:26]} b2 {[%clk 0:02:30]} 48. Bxc5
{[%clk 0:04:35]} b1=Q+ {[%clk 0:02:38]} 49. Kf4 {[%clk 0:04:43]} Kg6
{[%clk 0:02:46]} 50. Be3 {[%clk 0:04:48]} Qf5+ {[%clk 0:02:54]} 51. Kg3
{[%clk 0:04:57]} Kh5 {[%clk 0:03:02]} 52. Kg2 {[%clk 0:05:04]} Kxh4
{[%clk 0:03:10]} 53. Bc1 {[%clk 0:05:09]} Qc2+ {[%clk 0:03:18]} 0-1

[Event "TeamRussiamenrapid"]
[Site "?"]
[Date "2016.10.06"]
[Round "7.1"]
[White "Morozevich, Alexander"]
[Black "Tregubov, Pavel V."]
[Result "1-0"]
[LiveChessVersion "1.4.4"]
[BlackElo "2580"]
[WhiteElo "2716"]

1. e4 {[%clk 0:15:15]} c5 {[%clk 0:15:18]} 2. Nf3 {[%clk 0:15:08]} e6
{[%clk 0:15:26]} 3. d4 {[%clk 0:15:10]} cxd4 {[%clk 0:15:34]} 4. Nxd4
{[%clk 0:15:19]} Nc6 {[%clk 0:15:43]} 5. Nc3 {[%clk 0:15:27]} Nf6
{[%clk 0:15:52]} 6. Ndb5 {[%clk 0:15:18]} Bb4 {[%clk 0:15:59]} 7. Bg5
{[%clk 0:13:30]} O-O {[%clk 0:15:36]} 8. a3 {[%clk 0:13:31]} Bxc3+ 9. Nxc3
{[%clk 0:13:40]} h6 {[%clk 0:13:01]} 10. Bxf6 {[%clk 0:10:21]} Qxf6
{[%clk 0:13:09]} 11. Qd6 {[%clk 0:10:29]} b6 {[%clk 0:09:24]} 12. f3
{[%clk 0:07:46]} Rd8 {[%clk 0:08:17]} 13. O-O-O {[%clk 0:07:42]} Bb7
{[%clk 0:08:21]} 14. Kb1 {[%clk 0:07:07]} Rac8 {[%clk 0:08:22]} 15. h4
{[%clk 0:06:59]} Na5 {[%clk 0:07:39]} 16. Nb5 {[%clk 0:05:30]} Rc6
{[%clk 0:02:24]} 17. Qd4 {[%clk 0:04:17]} e5 {[%clk 0:01:35]} 18. Qb4
{[%clk 0:04:10]} d5 {[%clk 0:01:30]} 19. Rxd5 {[%clk 0:03:39]} Rxd5
{[%clk 0:00:56]} 20. exd5 {[%clk 0:03:48]} Rc5 {[%clk 0:01:04]} 21. Nc3
{[%clk 0:01:38]} Bxd5 {[%clk 0:01:12]} 22. Bd3 {[%clk 0:01:47]} Bb7
{[%clk 0:00:48]} 23. Ne4 {[%clk 0:01:56]} Bxe4 {[%clk 0:00:56]} 24. Qxe4
{[%clk 0:02:05]} Rc7 {[%clk 0:00:18]} 25. Qa8+ {[%clk 0:02:09]} 1-0

[Event "TeamRussiamenrapid"]
[Site "?"]
[Date "2016.10.06"]
[Round "7.3"]
[White "Popov, Ivan"]
[Black "Bryzgalin, Kirill"]
[Result "1-0"]
[LiveChessVersion "1.4.4"]
[BlackElo "2574"]
[WhiteElo "2695"]

1. e4 {[%clk 0:15:19]} e5 {[%clk 0:15:19]} 2. Nf3 {[%clk 0:15:27]} Nc6
{[%clk 0:15:28]} 3. Bc4 {[%clk 0:15:36]} Be7 {[%clk 0:15:29]} 4. O-O
{[%clk 0:15:39]} Nf6 {[%clk 0:15:38]} 5. d3 {[%clk 0:15:48]} O-O {[%clk 0:15:45]}
6. Re1 {[%clk 0:15:55]} d6 {[%clk 0:15:45]} 7. a4 {[%clk 0:16:04]} h6
{[%clk 0:14:15]} 8. a5 {[%clk 0:16:06]} a6 {[%clk 0:14:24]} 9. c3
{[%clk 0:15:58]} Nh7 {[%clk 0:14:21]} 10. Be3 {[%clk 0:16:04]} Kh8
{[%clk 0:13:58]} 11. Qb3 {[%clk 0:15:28]} Rb8 {[%clk 0:13:20]} 12. Bxf7
{[%clk 0:14:31]} Bg4 {[%clk 0:12:43]} 13. Nbd2 {[%clk 0:14:35]} Qd7
{[%clk 0:12:52]} 14. h3 {[%clk 0:12:40]} Bxf3 {[%clk 0:12:54]} 15. Nxf3
{[%clk 0:12:41]} Nd8 {[%clk 0:13:00]} 16. Bh5 {[%clk 0:12:02]} Bf6
{[%clk 0:12:04]} 17. d4 {[%clk 0:11:29]} Qe7 {[%clk 0:12:04]} 18. dxe5
{[%clk 0:11:24]} Bxe5 {[%clk 0:11:57]} 19. Nxe5 {[%clk 0:11:12]} Qxe5
{[%clk 0:11:47]} 20. Qd5 {[%clk 0:10:58]} Qe7 {[%clk 0:11:41]} 21. e5
{[%clk 0:10:32]} Qxe5 {[%clk 0:08:19]} 22. Qxe5 {[%clk 0:10:38]} dxe5
{[%clk 0:08:28]} 23. Bc5 {[%clk 0:10:42]} Rf4 {[%clk 0:07:46]} 24. Rxe5
{[%clk 0:08:52]} Nc6 {[%clk 0:07:43]} 25. Re8+ {[%clk 0:09:00]} Rxe8
{[%clk 0:07:52]} 26. Bxe8 {[%clk 0:09:09]} Nf6 {[%clk 0:06:44]} 27. Bxc6
{[%clk 0:09:02]} bxc6 {[%clk 0:06:53]} 28. Bd4 {[%clk 0:08:11]} Nd7
{[%clk 0:06:06]} 29. Re1 {[%clk 0:07:31]} c5 {[%clk 0:06:02]} 30. Be5
{[%clk 0:07:08]} Ra4 {[%clk 0:05:46]} 31. Bxc7 {[%clk 0:07:14]} Ra2
{[%clk 0:05:54]} 32. b4 {[%clk 0:06:33]} Rc2 {[%clk 0:05:22]} 33. b5
{[%clk 0:05:17]} axb5 {[%clk 0:05:23]} 34. Ra1 {[%clk 0:05:26]} Re2
{[%clk 0:04:21]} 35. a6 {[%clk 0:05:34]} Re8 {[%clk 0:04:30]} 36. Rd1
{[%clk 0:05:41]} Nb8 {[%clk 0:04:15]} 37. a7 {[%clk 0:05:45]} Nc6
{[%clk 0:04:24]} 38. Bb8 {[%clk 0:05:49]} 1-0

[Event "TeamRussiamenrapid"]
[Site "?"]
[Date "2016.10.06"]
[Round "7.4"]
[White "Oganian, Miran"]
[Black "Motylev, Alexander"]
[Result "0-1"]
[LiveChessVersion "1.4.4"]
[BlackElo "2669"]
[WhiteElo "2480"]

1. d4 {[%clk 0:15:18]} d5 {[%clk 0:15:18]} 2. c4 {[%clk 0:15:27]} c6
{[%clk 0:15:27]} 3. Nf3 {[%clk 0:15:35]} Nf6 {[%clk 0:15:35]} 4. Qc2
{[%clk 0:15:39]} g6 {[%clk 0:15:34]} 5. Bf4 {[%clk 0:15:47]} dxc4
{[%clk 0:15:40]} 6. Qxc4 {[%clk 0:15:54]} Be6 {[%clk 0:15:48]} 7. Qc1
{[%clk 0:15:42]} Bg7 {[%clk 0:15:56]} 8. Nc3 {[%clk 0:14:29]} Bg4
{[%clk 0:15:53]} 9. e3 {[%clk 0:13:31]} Bxf3 {[%clk 0:16:01]} 10. gxf3
{[%clk 0:13:40]} O-O {[%clk 0:16:09]} 11. Qc2 {[%clk 0:13:00]} Nbd7
{[%clk 0:14:39]} 12. O-O-O {[%clk 0:11:05]} Qa5 {[%clk 0:14:41]} 13. e4
{[%clk 0:10:48]} e5 {[%clk 0:13:18]} 14. Be3 {[%clk 0:09:30]} exd4
{[%clk 0:12:43]} 15. Bxd4 {[%clk 0:09:38]} Nc5 {[%clk 0:12:08]} 16. Kb1
{[%clk 0:08:35]} Ne6 {[%clk 0:11:49]} 17. Be3 {[%clk 0:08:41]} Nh5
{[%clk 0:11:38]} 18. Bc4 {[%clk 0:08:28]} Qe5 {[%clk 0:09:50]} 19. Ne2
{[%clk 0:06:50]} Rfd8 {[%clk 0:08:11]} 20. Qb3 {[%clk 0:05:53]} b6
{[%clk 0:03:53]} 21. Bxe6 {[%clk 0:03:40]} Qxe6 {[%clk 0:04:02]} 22. Qxe6
{[%clk 0:03:25]} fxe6 {[%clk 0:04:10]} 23. f4 {[%clk 0:01:53]} Kf7
{[%clk 0:03:49]} 24. Ng3 {[%clk 0:01:28]} Nf6 {[%clk 0:03:56]} 25. e5
{[%clk 0:01:24]} Nd5 {[%clk 0:03:47]} 26. Ne4 {[%clk 0:01:28]} Bh6
{[%clk 0:03:23]} 27. Nd6+ {[%clk 0:01:15]} Kg7 {[%clk 0:03:01]} 28. f5
{[%clk 0:01:15]} Bxe3 {[%clk 0:02:15]} 29. f6+ {[%clk 0:01:17]} Kf8
{[%clk 0:02:24]} 30. fxe3 {[%clk 0:01:25]} Nxe3 {[%clk 0:02:28]} 31. Rc1
{[%clk 0:00:30]} Ng4 {[%clk 0:02:21]} 32. Ne4 {[%clk 0:00:22]} Nxe5
{[%clk 0:02:18]} 33. Ng5 {[%clk 0:00:30]} Rd5 {[%clk 0:02:09]} 34. Rhf1
{[%clk 0:00:21]} Nd3 {[%clk 0:01:41]} 35. Nxe6+ Kf7 36. Rxc6 {[%clk 0:00:37]} Nb4
{[%clk 0:01:34]} 37. Nc7 {[%clk 0:00:18]} Rf5 {[%clk 0:01:10]} 38. Rxf5
{[%clk 0:00:17]} Nxc6 {[%clk 0:01:19]} 39. Rf3 {[%clk 0:00:12]} Rd8
{[%clk 0:01:25]} 40. a3 {[%clk 0:00:15]} Rd6 {[%clk 0:01:26]} 41. Nb5
{[%clk 0:00:13]} Rxf6 {[%clk 0:01:33]} 42. Rc3 {[%clk 0:00:17]} Kg7
{[%clk 0:01:24]} 43. Nc7 {[%clk 0:00:22]} Kf7 {[%clk 0:01:25]} 44. Nb5
{[%clk 0:00:27]} g5 {[%clk 0:01:23]} 45. Nxa7 {[%clk 0:00:32]} Nxa7
{[%clk 0:01:28]} 46. Rc7+ {[%clk 0:00:41]} Kg6 {[%clk 0:01:37]} 47. Rxa7
{[%clk 0:00:50]} h5 {[%clk 0:01:44]} 48. a4 {[%clk 0:00:54]} g4 {[%clk 0:01:51]}
49. Ra8 {[%clk 0:00:55]} Kg5 {[%clk 0:01:53]} 50. Rg8+ {[%clk 0:00:48]} Kh4
{[%clk 0:02:02]} 51. Ka2 {[%clk 0:00:46]} Kh3 {[%clk 0:02:03]} 52. Rg5
{[%clk 0:00:55]} Rh6 {[%clk 0:02:10]} 53. b4 {[%clk 0:00:29]} Kxh2
{[%clk 0:02:18]} 54. a5 {[%clk 0:00:33]} bxa5 {[%clk 0:02:26]} 55. bxa5
{[%clk 0:00:41]} g3 {[%clk 0:02:35]} 0-1

[Event "TeamRussiamenrapid"]
[Site "?"]
[Date "2016.10.06"]
[Round "7.5"]
[White "Bologan, Victor"]
[Black "Fedoseev, Vladimir"]
[Result "0-1"]
[LiveChessVersion "1.4.4"]
[BlackElo "2740"]
[WhiteElo "2569"]

1. e4 {[%clk 0:15:18]} e5 {[%clk 0:15:04]} 2. Nf3 {[%clk 0:15:26]} Nc6
{[%clk 0:15:13]} 3. Bc4 {[%clk 0:15:31]} Bc5 {[%clk 0:15:15]} 4. O-O
{[%clk 0:15:38]} Nf6 {[%clk 0:15:18]} 5. d3 {[%clk 0:15:46]} d6 {[%clk 0:15:23]}
6. c3 {[%clk 0:15:54]} a6 {[%clk 0:15:30]} 7. a4 {[%clk 0:15:57]} Ba7
{[%clk 0:15:26]} 8. Na3 {[%clk 0:15:57]} O-O {[%clk 0:15:11]} 9. Nc2
{[%clk 0:16:04]} Ne7 {[%clk 0:15:07]} 10. Bg5 {[%clk 0:14:22]} Ng6
{[%clk 0:15:14]} 11. Nh4 {[%clk 0:14:26]} Nf4 {[%clk 0:15:20]} 12. d4
{[%clk 0:13:56]} Be6 {[%clk 0:14:18]} 13. dxe5 {[%clk 0:10:55]} dxe5
{[%clk 0:13:57]} 14. Bxe6 {[%clk 0:09:59]} fxe6 {[%clk 0:13:48]} 15. Bxf4
{[%clk 0:06:18]} exf4 {[%clk 0:13:54]} 16. e5 {[%clk 0:06:10]} Ne4
{[%clk 0:10:24]} 17. Nf3 {[%clk 0:06:04]} Qxd1 {[%clk 0:10:15]} 18. Raxd1
{[%clk 0:06:11]} Rad8 {[%clk 0:09:44]} 19. Ncd4 {[%clk 0:05:50]} Rfe8
{[%clk 0:09:38]} 20. Rfe1 {[%clk 0:03:45]} Nc5 {[%clk 0:09:45]} 21. a5
{[%clk 0:03:53]} h6 {[%clk 0:09:32]} 22. h4 {[%clk 0:03:55]} Rd7 {[%clk 0:07:54]}
23. Kf1 {[%clk 0:02:55]} Red8 {[%clk 0:07:15]} 24. Ke2 {[%clk 0:03:03]} Kf7
{[%clk 0:07:14]} 25. Ra1 {[%clk 0:03:02]} Rd5 {[%clk 0:07:02]} 26. Red1
{[%clk 0:02:52]} Ne4 {[%clk 0:06:53]} 27. Rh1 {[%clk 0:02:30]} c5
{[%clk 0:06:23]} 28. Nb3 {[%clk 0:02:38]} c4 {[%clk 0:04:26]} 29. Ra4
{[%clk 0:02:47]} Nxf2 {[%clk 0:04:28]} 30. Rf1 {[%clk 0:02:49]} cxb3
{[%clk 0:03:55]} 31. Rxf4+ {[%clk 0:02:48]} Ke7 {[%clk 0:04:01]} 32. Nd4
{[%clk 0:02:22]} Bxd4 {[%clk 0:03:07]} 33. cxd4 {[%clk 0:02:25]} Rxd4
{[%clk 0:03:15]} 34. R4xf2 {[%clk 0:01:49]} Re4+ {[%clk 0:01:47]} 35. Kf3
{[%clk 0:01:58]} Rxe5 {[%clk 0:01:55]} 36. Kg3 {[%clk 0:02:07]} Rd3+
{[%clk 0:02:03]} 37. Kh2 {[%clk 0:02:11]} Rf5 {[%clk 0:02:07]} 38. Rxf5
{[%clk 0:02:18]} exf5 {[%clk 0:02:16]} 39. Rxf5 {[%clk 0:02:27]} Rd2
{[%clk 0:02:24]} 40. Rf4 {[%clk 0:02:31]} Rxb2 {[%clk 0:02:04]} 41. Rb4
{[%clk 0:02:39]} Kd6 {[%clk 0:02:12]} 42. Rxb7 {[%clk 0:02:47]} Kc5
{[%clk 0:02:21]} 43. Rb6 {[%clk 0:02:30]} Kc4 {[%clk 0:02:28]} 44. Rxa6
{[%clk 0:02:36]} Ra2 {[%clk 0:02:31]} 45. Rc6+ {[%clk 0:02:23]} Kd3
{[%clk 0:02:39]} 46. Rd6+ {[%clk 0:00:27]} Kc2 {[%clk 0:02:46]} 47. Rc6+
{[%clk 0:00:35]} Kb1 {[%clk 0:02:52]} 48. Rc7 {[%clk 0:00:39]} b2
{[%clk 0:02:22]} 49. Rxg7 {[%clk 0:00:39]} Ra4 {[%clk 0:02:10]} 0-1

[Event "TeamRussiamenrapid"]
[Site "?"]
[Date "2016.10.06"]
[Round "7.6"]
[White "Chigaev, Maksim"]
[Black "Ponkratov, Pavel"]
[Result "1/2-1/2"]
[LiveChessVersion "1.4.4"]
[BlackElo "2654"]
[WhiteElo "2627"]

1. e4 {[%clk 0:15:18]} e5 {[%clk 0:15:10]} 2. Nf3 {[%clk 0:15:26]} Nc6
{[%clk 0:15:19]} 3. Bc4 {[%clk 0:15:35]} Nf6 {[%clk 0:15:26]} 4. d3
{[%clk 0:15:44]} Bc5 {[%clk 0:15:31]} 5. c3 {[%clk 0:15:51]} O-O {[%clk 0:15:38]}
6. O-O {[%clk 0:15:59]} d6 {[%clk 0:15:40]} 7. a4 {[%clk 0:16:03]} a6
{[%clk 0:15:45]} 8. h3 {[%clk 0:16:12]} Re8 {[%clk 0:15:37]} 9. Ng5
{[%clk 0:15:05]} Rf8 {[%clk 0:15:40]} 10. Na3 {[%clk 0:15:13]} h6
{[%clk 0:15:03]} 11. Nf3 {[%clk 0:15:21]} Bxa3 {[%clk 0:13:59]} 12. Rxa3
{[%clk 0:15:27]} Be6 {[%clk 0:14:08]} 13. Bxe6 {[%clk 0:14:59]} fxe6
{[%clk 0:14:17]} 14. b4 {[%clk 0:15:07]} Ne7 {[%clk 0:14:22]} 15. a5
{[%clk 0:13:33]} Ng6 {[%clk 0:14:30]} 16. c4 {[%clk 0:13:10]} Qe8
{[%clk 0:14:16]} 17. Be3 {[%clk 0:12:24]} Rd8 {[%clk 0:13:47]} 18. Qe2
{[%clk 0:12:19]} Qf7 {[%clk 0:13:15]} 19. Rb1 {[%clk 0:11:14]} Nh5
{[%clk 0:11:53]} 20. Ng5 {[%clk 0:08:07]} Ngf4 {[%clk 0:12:01]} 21. Bxf4
{[%clk 0:08:12]} Nxf4 {[%clk 0:12:10]} 22. Nxf7 {[%clk 0:08:20]} Nxe2+
{[%clk 0:12:19]} 23. Kf1 {[%clk 0:08:29]} Ng3+ {[%clk 0:12:28]} 24. fxg3
{[%clk 0:08:30]} Rxf7+ {[%clk 0:12:37]} 25. Kg1 {[%clk 0:08:37]} d5
{[%clk 0:12:45]} 26. b5 {[%clk 0:06:16]} dxc4 {[%clk 0:12:40]} 27. dxc4
{[%clk 0:06:24]} Rd4 {[%clk 0:12:48]} 28. Rf3 {[%clk 0:04:14]} Rxf3
{[%clk 0:08:03]} 29. gxf3 {[%clk 0:04:22]} Rxc4 {[%clk 0:08:12]} 30. bxa6
{[%clk 0:04:30]} bxa6 {[%clk 0:08:21]} 31. Rb8+ {[%clk 0:04:37]} Kf7
{[%clk 0:08:31]} 32. Ra8 {[%clk 0:04:46]} Rc6 {[%clk 0:08:36]} 33. Kf2
{[%clk 0:04:50]} Ke7 {[%clk 0:07:16]} 34. h4 {[%clk 0:04:49]} Rd6
{[%clk 0:07:06]} 35. g4 {[%clk 0:03:06]} Rc6 {[%clk 0:04:42]} 36. Rg8
{[%clk 0:04:14]} Kf6 {[%clk 0:04:24]} 37. Rf8+ {[%clk 0:02:57]} Ke7
{[%clk 0:04:32]} 38. Rg8 {[%clk 0:03:05]} Kf7 {[%clk 0:04:41]} 39. Ra8
{[%clk 0:03:13]} Rd6 {[%clk 0:04:36]} 40. Ra7 {[%clk 0:03:13]} Rc6
{[%clk 0:04:18]} 41. Ra8 {[%clk 0:03:20]} 1/2-1/2

[Event "TeamRussiamenrapid"]
[Site "?"]
[Date "2016.10.06"]
[Round "7.7"]
[White "Khismatullin, Denis"]
[Black "Predke, Alexandr"]
[Result "1-0"]
[LiveChessVersion "1.4.4"]
[BlackElo "2618"]
[WhiteElo "2668"]

1. d4 {[%clk 0:15:20]} Nf6 {[%clk 0:15:11]} 2. c4 {[%clk 0:15:28]} e6
{[%clk 0:15:19]} 3. Nc3 {[%clk 0:15:30]} Bb4 {[%clk 0:15:26]} 4. Nf3
{[%clk 0:15:37]} O-O {[%clk 0:15:33]} 5. e3 {[%clk 0:15:39]} d5 {[%clk 0:15:27]}
6. a3 {[%clk 0:15:27]} Bxc3+ {[%clk 0:15:30]} 7. bxc3 {[%clk 0:15:36]} c5
{[%clk 0:15:01]} 8. Bb2 {[%clk 0:14:48]} b6 {[%clk 0:14:05]} 9. cxd5
{[%clk 0:14:49]} exd5 {[%clk 0:14:12]} 10. dxc5 {[%clk 0:13:15]} bxc5
{[%clk 0:14:21]} 11. c4 {[%clk 0:13:24]} Be6 {[%clk 0:13:53]} 12. cxd5
{[%clk 0:11:17]} Bxd5 {[%clk 0:13:30]} 13. Be2 {[%clk 0:10:32]} Nbd7
{[%clk 0:11:17]} 14. O-O {[%clk 0:10:32]} Rb8 {[%clk 0:11:25]} 15. Bc3
{[%clk 0:07:44]} Qe7 {[%clk 0:11:11]} 16. Nd2 {[%clk 0:06:56]} Rb6
{[%clk 0:08:57]} 17. Qc2 {[%clk 0:06:46]} Ne4 {[%clk 0:07:10]} 18. Nxe4
{[%clk 0:06:17]} Bxe4 {[%clk 0:07:18]} 19. Bd3 {[%clk 0:06:02]} Bxd3
{[%clk 0:06:50]} 20. Qxd3 {[%clk 0:06:10]} Rc8 {[%clk 0:06:58]} 21. Rfd1
{[%clk 0:06:04]} Nf8 {[%clk 0:07:00]} 22. a4 {[%clk 0:05:40]} c4 {[%clk 0:06:42]}
23. Qd4 {[%clk 0:04:25]} Ne6 {[%clk 0:06:50]} 24. Qg4 {[%clk 0:04:33]} Rb3
{[%clk 0:06:03]} 25. Rac1 {[%clk 0:04:18]} Qa3 {[%clk 0:04:29]} 26. Ra1
{[%clk 0:02:44]} Qc5 {[%clk 0:04:35]} 27. Rac1 {[%clk 0:02:29]} Qa3
{[%clk 0:04:41]} 28. Ra1 {[%clk 0:02:13]} Qc5 {[%clk 0:04:49]} 29. Rdc1
{[%clk 0:02:17]} Qd5 {[%clk 0:04:09]} 30. Rd1 {[%clk 0:01:14]} h5
{[%clk 0:03:27]} 31. Qe2 {[%clk 0:01:01]} Qe4 {[%clk 0:03:36]} 32. Rac1
{[%clk 0:00:49]} Nf4 {[%clk 0:03:39]} 33. Qf1 {[%clk 0:00:37]} Nd3
{[%clk 0:02:45]} 34. Rc2 {[%clk 0:00:46]} Nc5 {[%clk 0:01:17]} 35. Rdc1
{[%clk 0:00:33]} Nxa4 {[%clk 0:01:26]} 36. Bd4 {[%clk 0:00:33]} c3
{[%clk 0:01:34]} 37. h3 {[%clk 0:00:23]} Rb1 {[%clk 0:00:51]} 38. Qd1
{[%clk 0:00:16]} Nb2 {[%clk 0:00:21]} 39. Qe2 {[%clk 0:00:15]} Rxc1+
{[%clk 0:00:21]} 40. Rxc1 {[%clk 0:00:24]} Nd3 {[%clk 0:00:21]} 41. Rxc3
{[%clk 0:00:22]} Rxc3 {[%clk 0:00:25]} 42. Bxc3 {[%clk 0:00:31]} Nf4
{[%clk 0:00:34]} 43. Qf1 {[%clk 0:00:39]} Qc2 {[%clk 0:00:26]} 44. Ba5
{[%clk 0:00:13]} Nd3 {[%clk 0:00:22]} 1-0

[Event "TeamRussiamenrapid"]
[Site "?"]
[Date "2016.10.06"]
[Round "7.8"]
[White "Yuffa, Daniil"]
[Black "Pridorozhni, Aleksei"]
[Result "1/2-1/2"]
[LiveChessVersion "1.4.4"]
[BlackElo "2628"]
[WhiteElo "2566"]

1. Nf3 {[%clk 0:15:17]} d6 {[%clk 0:15:18]} 2. d4 {[%clk 0:15:21]} Nf6
{[%clk 0:15:26]} 3. g3 {[%clk 0:15:21]} g6 {[%clk 0:15:34]} 4. Bg2
{[%clk 0:15:30]} Bg7 {[%clk 0:15:43]} 5. O-O {[%clk 0:15:38]} O-O
{[%clk 0:15:51]} 6. c4 {[%clk 0:15:47]} c6 {[%clk 0:16:00]} 7. Nc3
{[%clk 0:15:56]} Qb6 {[%clk 0:16:05]} 8. b3 {[%clk 0:14:57]} e5 {[%clk 0:16:13]}
9. Bb2 {[%clk 0:13:31]} e4 {[%clk 0:16:08]} 10. Ne1 {[%clk 0:13:15]} d5
{[%clk 0:16:16]} 11. Ba3 {[%clk 0:12:58]} Re8 {[%clk 0:16:23]} 12. Nc2
{[%clk 0:12:36]} Qd8 {[%clk 0:15:43]} 13. Rc1 {[%clk 0:12:08]} Be6
{[%clk 0:14:44]} 14. cxd5 {[%clk 0:11:19]} cxd5 {[%clk 0:14:52]} 15. Qd2
{[%clk 0:10:44]} Nc6 {[%clk 0:14:25]} 16. Rfd1 {[%clk 0:09:05]} Qd7
{[%clk 0:13:58]} 17. Na4 {[%clk 0:07:25]} b6 {[%clk 0:14:01]} 18. Nb4
{[%clk 0:07:22]} Nxb4 {[%clk 0:13:50]} 19. Bxb4 {[%clk 0:07:31]} Rac8
{[%clk 0:11:37]} 20. e3 {[%clk 0:06:36]} Bg4 {[%clk 0:11:14]} 21. Rxc8
{[%clk 0:06:39]} Rxc8 {[%clk 0:11:23]} 22. Rc1 {[%clk 0:06:42]} Rxc1+
{[%clk 0:10:44]} 23. Qxc1 {[%clk 0:06:51]} h5 {[%clk 0:10:52]} 24. Nc3
{[%clk 0:03:54]} h4 {[%clk 0:10:54]} 25. Qa3 {[%clk 0:02:45]} Bf3
{[%clk 0:10:31]} 26. Qa6 {[%clk 0:01:40]} Qf5 {[%clk 0:08:14]} 27. Be7
{[%clk 0:00:49]} Bxg2 {[%clk 0:07:43]} 28. Kxg2 {[%clk 0:00:45]} Qf3+
{[%clk 0:07:37]} 29. Kg1 {[%clk 0:00:53]} h3 {[%clk 0:07:31]} 30. Qc8+
{[%clk 0:01:00]} Kh7 {[%clk 0:07:25]} 31. Qxh3+ {[%clk 0:01:08]} Nh5
{[%clk 0:06:17]} 32. Qg2 {[%clk 0:01:16]} Qg4 {[%clk 0:06:26]} 33. Qf1
{[%clk 0:00:58]} Qe6 {[%clk 0:06:06]} 34. Ba3 {[%clk 0:00:58]} Nf6
{[%clk 0:06:08]} 35. Kg2 {[%clk 0:00:58]} Qc8 {[%clk 0:05:23]} 36. Bb2
{[%clk 0:00:56]} Bf8 {[%clk 0:04:44]} 37. Qb5 {[%clk 0:01:01]} Qf5
{[%clk 0:04:41]} 38. Qe2 {[%clk 0:00:57]} Bb4 {[%clk 0:04:33]} 39. Nb5
{[%clk 0:00:40]} Qd7 {[%clk 0:04:33]} 40. Ba3 {[%clk 0:00:33]} Bxa3
{[%clk 0:04:38]} 41. Nxa3 {[%clk 0:00:43]} Kg7 {[%clk 0:04:47]} 42. Nb5
{[%clk 0:00:37]} Nh7 {[%clk 0:04:47]} 43. h4 {[%clk 0:00:40]} Nf6
{[%clk 0:04:56]} 44. Nc3 {[%clk 0:00:41]} Qc8 {[%clk 0:05:03]} 45. Qd2
{[%clk 0:00:40]} Qf5 {[%clk 0:04:58]} 46. Qe2 {[%clk 0:00:33]} Qc8
{[%clk 0:04:59]} 47. Qd2 {[%clk 0:00:42]} Qf5 {[%clk 0:05:08]} 48. Qd1
{[%clk 0:00:30]} Qc8 {[%clk 0:04:51]} 49. Ne2 {[%clk 0:00:39]} Qg4
{[%clk 0:04:59]} 50. Nc3 {[%clk 0:00:30]} Qc8 {[%clk 0:05:06]} 51. Ne2
{[%clk 0:00:39]} Qg4 {[%clk 0:05:15]} 52. Nc3 {[%clk 0:00:30]} Qc8
{[%clk 0:05:22]} 53. Qe1 {[%clk 0:00:28]} Qg4 {[%clk 0:04:38]} 54. Qe2
{[%clk 0:00:35]} Qc8 {[%clk 0:04:46]} 55. Qd2 {[%clk 0:00:27]} Qg4
{[%clk 0:04:52]} 56. Qd1 {[%clk 0:00:36]} Qc8 {[%clk 0:04:59]} 57. Qe1
{[%clk 0:00:26]} Qg4 {[%clk 0:05:04]} 58. Qe2 {[%clk 0:00:32]} Qc8
{[%clk 0:05:12]} 59. Qd2 {[%clk 0:00:38]} Qg4 {[%clk 0:05:20]} 60. Qd1
{[%clk 0:00:47]} Qc8 {[%clk 0:05:22]} 61. Qd2 {[%clk 0:00:55]} Qg4
{[%clk 0:02:22]} 62. Qe2 {[%clk 0:01:05]} Qc8 {[%clk 0:02:30]} 63. Qd2
{[%clk 0:01:14]} Qf5 {[%clk 0:02:15]} 64. Qe2 {[%clk 0:01:18]} Qc8
{[%clk 0:02:24]} 65. Qd2 {[%clk 0:01:26]} Qf5 {[%clk 0:02:31]} 66. Qe2
{[%clk 0:01:20]} Qc8 {[%clk 0:02:39]} 67. Qe1 {[%clk 0:01:29]} Qg4
{[%clk 0:02:42]} 68. Qe2 {[%clk 0:01:16]} Qc8 {[%clk 0:02:50]} 69. Qd2
{[%clk 0:01:04]} Qg4 {[%clk 0:02:56]} 70. Qd1 {[%clk 0:00:36]} Qc8
{[%clk 0:03:03]} 71. Ne2 {[%clk 0:00:39]} Qg4 {[%clk 0:03:11]} 72. Nc3
{[%clk 0:00:27]} Qc8 {[%clk 0:03:18]} 73. Qe1 {[%clk 0:00:27]} Qg4
{[%clk 0:03:18]} 74. Qe2 {[%clk 0:00:31]} Qc8 {[%clk 0:03:26]} 75. Qe1
{[%clk 0:00:39]} Qg4 {[%clk 0:03:32]} 76. Qe2 {[%clk 0:00:46]} 1/2-1/2